|
|
|
|
| LEADER |
00000naa2a2200000 4500 |
| 001 |
626375 |
| 005 |
20240111154420.0 |
| 035 |
|
|
|a (RuTPU)RU\TPU\conf\25739
|
| 035 |
|
|
|a RU\TPU\conf\25691
|
| 090 |
|
|
|a 626375
|
| 100 |
|
|
|a 20180227d2018 k y0rusy50 ca
|
| 101 |
0 |
|
|a rus
|
| 102 |
|
|
|a RU
|
| 105 |
|
|
|a y z 101zy
|
| 135 |
|
|
|a drgn ---uucaa
|
| 181 |
|
0 |
|a i
|
| 182 |
|
0 |
|a b
|
| 200 |
1 |
|
|a Выявление недобросовестных работников в краудсорсинге эмоций
|f O. E. Korovina, O. G. Berestneva
|
| 203 |
|
|
|a Текст
|c электронный
|
| 225 |
1 |
|
|a Информационные технологии в производстве и управлении предприятием
|
| 300 |
|
|
|a Заглавие с титульного экрана
|
| 320 |
|
|
|a [Библиогр.: с. 262 (8 назв.)]
|
| 463 |
|
0 |
|0 (RuTPU)RU\TPU\conf\25518
|t Молодежь и современные информационные технологии
|o сборник трудов XV Международной научно-практической конференции студентов, аспирантов и молодых учёных, 04-07 декабря 2017 г., г. Томск
|f Национальный исследовательский Томский политехнический университет, Инженерная школа информационных технологий и робототехники ; под ред. С. С. Михалевич [и др.]
|v [С. 261-262]
|d 2018
|
| 610 |
1 |
|
|a электронный ресурс
|
| 610 |
1 |
|
|a труды учёных ТПУ
|
| 610 |
1 |
|
|a недобросовестные действия
|
| 610 |
1 |
|
|a работники
|
| 610 |
1 |
|
|a краудсорсинг
|
| 610 |
1 |
|
|a эмоции
|
| 610 |
1 |
|
|a онлайн-ресурсы
|
| 700 |
|
1 |
|a Korovina
|b O. E.
|c specialist in the field of informatics and computer technology
|c programmer at Tomsk Polytechnic University
|f 1992-
|g Olga Evgenjevna
|3 (RuTPU)RU\TPU\pers\37776
|
| 701 |
|
1 |
|a Berestneva
|b O. G.
|c specialist in the field of informatics and computer technology
|c Professor of Tomsk Polytechnic University, Doctor of technical sciences
|f 1953-
|g Olga Grigorievna
|3 (RuTPU)RU\TPU\pers\30927
|9 15165
|
| 712 |
0 |
2 |
|a Национальный исследовательский Томский политехнический университет (ТПУ)
|b Институт социально-гуманитарных технологий (ИСГТ)
|b Кафедра экономики (ЭКОН)
|b Международная научно-образовательная лаборатория технологий улучшения благополучия пожилых людей (МНОЛ ТУБПЛ)
|3 (RuTPU)RU\TPU\col\21257
|
| 712 |
0 |
2 |
|a Национальный исследовательский Томский политехнический университет
|b Инженерная школа информационных технологий и робототехники
|b Отделение информационных технологий
|3 (RuTPU)RU\TPU\col\23515
|
| 801 |
|
2 |
|a RU
|b 63413507
|c 20201229
|g RCR
|
| 856 |
4 |
|
|u http://earchive.tpu.ru/handle/11683/46440
|
| 942 |
|
|
|c BK
|